Practicum fiscal Teora̕, prc̀tica, fr̤mulas y esquemas /

Detalles Bibliográficos
Autor principal: Fernandez de Soto Blass, Maria Luisa
Formato: eBook
Lenguaje:español
Publicado: Madrid: Dykinson, 2016
Materias:
Acceso en línea:Acceso restringido

MARC

LEADER 00000nam a22000007a 4500
005 2017031406156.0
007 cr|||| ||||
008 170314s2016 es |||||s|||| 00||0 spa d
020 |a 978-84-9148-026-6 
035 |a 14803 
040 |a vLex 
090 |c 6603  |d 6603 
100 1 |a Fernandez de Soto Blass, Maria Luisa 
245 1 0 |a Practicum fiscal  |h [Recurso electrn̤ico] :  |b Teora̕, prc̀tica, fr̤mulas y esquemas /  |c Maria Luisa Fernandez de Soto Blass 
256 |a Servicio en ln̕ea 
260 |a Madrid:  |b Dykinson,  |c 2016 
300 |a 1 recurso electrn̤ico 
506 1 |a Disponible solo en los productos indicados  |d vLex Global  |d vLex Global (Academic Edition, excluding Law Schools)  |d vLex Global (U.S. Academic Edition, Law Schools)  |d vLex Global (U.S. Academic Edition, excluding Law Schools)  |d vLex Global (Academic Edition, Law Schools) 
650 0 4 |a Derecho Fiscal  |z Espaą 
650 0 4 |a Financiero  |z Espaą 
740 0 |a vLex Libros (Servicio en ln̕ea) 
856 4 0 |u http://vlex.com/source/practicum-fiscal-teoria-practica-formulas-y-esquemas-14803  |z Acceso restringido 
942 |c BOOK 
999 0 |a Tax Law 
999 0 |a Financial